Normal view MARC view
  • Association of Consultant Approved Inspectors

Entry Corporate Name

Number of records used in: 2

001 - CONTROL NUMBER

  • control field: 5311

003 - CONTROL NUMBER IDENTIFIER

  • control field: OSt

005 - DATE AND TIME OF LATEST TRANSACTION

  • control field: 20190806150242.0

008 - FIXED-LENGTH DATA ELEMENTS

  • fixed length control field: 070808n| acannaabn |n ana d

040 ## - CATALOGING SOURCE

  • Original cataloging agency: OSt
  • Transcribing agency: OSt

110 2# - HEADING--CORPORATE NAME

  • Corporate name or jurisdiction name as entry element: Association of Consultant Approved Inspectors

670 ## - SOURCE DATA FOUND

  • Source citation: A building control system for the 21st century, 2007